Atlas dos descobrimentos (Registo nº 4077)

Detalhes MARC
000 -Etiqueta do registo
Cabeçalho 01159cam a2200313 4500
005 - Identificador da versão
Campo de controlo 20240813122052.0
095 ## -
-- PTBN00407637
010 ## - Número internacional normalizado dos livros (ISBN)
Número (ISBN) 9720704101
021 ## - Número do Depósito Legal
Código do país PT
Número 60563/92
100 ## - Dados gerais de processamento
Dados gerais de processamento 19921229d1992 km y0pory5003 ba
102 ## - Pais de publicação ou produção
País de publicação Portugal
101 0# - Língua de publicação
Língua do texto, banda sonora, etc. Português
105 ## - Campo de dados codificados: livros
Dados codificados dos livros bc z 001yy
215 ## - Descrição física 
Indicação específica da natureza do documento e extensão da espécie 95 p.
Outras indicações físicas il.
Dimensões 30 cm
200 1# - Titulo e menção de responsabilidade
Título próprio Atlas dos descobrimentos
Indicação geral da natureza do documento Material cartográfico
Primeira menção de responsabilidade texto de A. do Carmo Reis
Outras menções de responsabilidade map. José Morim
-- fot. F. Luís de Almeida
-- capa e design Helena Veloso
-- patroc. da Comissão Nacional para as Comemeorações dos Descobrimentos Portugueses
210 ## - Publicação, Distribuição, etc. 
Lugar da edição, distribuição, etc. Porto
Nome do editor, distribuidor, etc. Porto Editora
Data da publicação, distribuição, etc. 1992
675 ## - Classificação Decimal Universal (CDU)
Notação 910.4(4/9)(084.4)
Edição BN
Língua da edição por
Notação 912"19"(084.4)
Edição BN
Língua da edição por
Notação 913(4/9)(084.4)
Edição BN
Língua da edição por
711 01 - Nome de colectividade-autor (co-responsabilidade principal)
Número de registo de entrada de autoridade 0000581
Palavra de ordem Portugal
Subdivisão Comissão Nacional para as Comemorações dos Descobrimentos Portugueses
Código de função
702 #1 - Nome de autor-pessoa física (responsabilidade secundária)
Número de registo de entrada de autoridade 0000623
Palavra de ordem Morim
Outra parte do nome não tomada para palavra de ordem José
Código de função Ilustrador / Técnico de desenho computorizado
Número de registo de entrada de autoridade 0000624
Palavra de ordem Almeida
Outra parte do nome não tomada para palavra de ordem F. Luís de
Código de função Fotógrafo
Número de registo de entrada de autoridade 0000625
Palavra de ordem Veloso
Outra parte do nome não tomada para palavra de ordem Helena
Código de função Técnico gráfico / Colorista / Desenhador gráfico / Designer / Impressor de fotografias / Técnico de desenho computorizado
700 #1 - Nome de autor-pessoa física (responsabilidade principal)
Número de registo de entrada de autoridade 0000605
Palavra de ordem Reis
Outra parte do nome não tomada para palavra de ordem António do Carmo
Datas 1942-
942 ## - Elementos de entrada adicionados (Koha)
Tipo de item no Koha Livro
Exemplares
Situação do levantamento Origin of item (home branch) (coded) Biblioteca de empréstimo Código de barras Cota Circulation type (not for loan) Tipo de documento Nota do exemplar Damaged status
  Biblioteca Escolar das Vendas Biblioteca Escolar das Vendas BEV834 9PT REI   Livro Sem mensagem